| 000 | 00332nam a22001337a 4500 | ||
|---|---|---|---|
| 020 | _a0-408-00052-X | ||
| 082 | _a697.933 POR'H | ||
| 100 |
_aPORGES, JOHN _976031 |
||
| 245 | _aHANDBOOK OF HEATING VONTILATING AND AIR CONDITIONING | ||
| 250 | _a6TH | ||
| 260 |
_aLONDON _bBUTTERWORTH _c1971 |
||
| 300 | _aVII, XV, 19P | ||
| 942 | _cBK | ||
| 999 |
_c584195 _d584195 |
||